LIBRARY ONLINE CATALOGUE

Effect of selected human resource management practices on employee performance at Equator Bottlers limited in Kisumu (Record no. 18786)

MARC details
000 -LEADER
fixed length control field 00465nam a22001217a 4500
008 - FIXED-LENGTH DATA ELEMENTS--GENERAL INFORMATION
fixed length control field 210211b xxu||||| |||| 00| 0 eng d
050 ## - LIBRARY OF CONGRESS CALL NUMBER
Classification number GMB0853
Item number .O53 2019 c.1
100 ## - MAIN ENTRY--PERSONAL NAME
Personal name Ondari, Monica Nyansarora
245 ## - TITLE STATEMENT
Title Effect of selected human resource management practices on employee performance at Equator Bottlers limited in Kisumu
Statement of responsibility, etc. Monica Nyansarora Ondari
260 ## - PUBLICATION, DISTRIBUTION, ETC. (IMPRINT)
Place of publication, distribution, etc. Kabarak, Nakuru, Kenya
Name of publisher, distributor, etc. Kabarak University
Date of publication, distribution, etc. 2019
300 ## - PHYSICAL DESCRIPTION
Extent 69 leaves
942 ## - ADDED ENTRY ELEMENTS (KOHA)
Source of classification or shelving scheme Library of Congress Classification
Koha item type Thesis, Dissertation and Projecs
Holdings
Withdrawn status Lost status Source of classification or shelving scheme Not for loan Home library Current library Date acquired Total Checkouts Full call number Barcode Date last seen Price effective from Koha item type
    Library of Congress Classification   Kabarak, Main Campus Kabarak, Main Campus 11/02/2021   GMB0853 .O53 2019 c.1 029513 11/02/2021 11/02/2021 Thesis, Dissertation and Projecs
    Library of Congress Classification   Kabarak, Main Campus Kabarak, Main Campus 11/02/2021   GMB0853 .O53 2019 c.2 029506 11/02/2021 11/02/2021 Thesis, Dissertation and Projecs